MARC details
| 000 -CABECERA |
| campo de control de longitud fija |
01418cam a2200229 a 4500 |
| 001 - NÚMERO DE CONTROL |
| campo de control |
000003974 |
| 005 - FECHA Y HORA DE LA ÚLTIMA TRANSACCIÓN |
| campo de control |
20200929150640.0 |
| 008 - DATOS DE LONGITUD FIJA--INFORMACIÓN GENERAL |
| campo de control de longitud fija |
010309s2000 mx b 001 f spa |
| 020 ## - NÚMERO INTERNACIONAL ESTÁNDAR DEL LIBRO |
| Número Internacional Estándar del Libro |
9681906063 |
| 040 ## - FUENTE DE LA CATALOGACIÓN |
| Centro catalogador/agencia de origen |
DO-SdBNP |
| Centro/agencia transcriptor |
DLC |
| Centro/agencia modificador |
DLC |
| 082 ## - NÚMERO DE LA CLASIFICACIÓN DECIMAL DEWEY |
| Número de clasificación |
M863.5 |
| Número de documento/Ítem |
R382v |
| 245 00 - MENCIÓN DE TÍTULO |
| Título |
Relatos vertiginosos : |
| Resto del título |
antología de cuentos mínimos / |
| Mención de responsabilidad, etc. |
selección y prólogo, Lauro Zavala. |
| 260 ## - PUBLICACIÓN, DISTRIBUCIÓN, ETC. |
| Lugar de publicación, distribución, etc. |
México, D.F. : |
| Nombre del editor, distribuidor, etc. |
Alfaguara, |
| Fecha de publicación, distribución, etc. |
2000. |
| 300 ## - DESCRIPCIÓN FÍSICA |
| Extensión |
[177] p. ; |
| Dimensiones |
22 cm. |
| 504 ## - NOTA DE BIBLIOGRAFÍA, ETC. |
| Nota de bibliografía, etc. |
Bibliografías: p. 171 - [176]. |
| 505 0# - NOTA DE CONTENIDO CON FORMATO |
| Nota de contenido con formato |
Óscar de la Borbolla -- Eduardo Galeano -- Juan José Arreola -- Augusto Monterroso -- Ana María Shua -- Luisa Valenzuela -- Felipe Garrido -- Manuel Mejía Valera -- Luis Britto García -- Alfonso Reyes -- Macedonio Fernández -- Martha Cerda -- Segio Golwarz -- Mario Benedetti -- Ethel Krauze -- Guillermo Samperio -- Marcial Fernández -- Luis Humberto Crosthwaite -- |
| 505 0# - NOTA DE CONTENIDO CON FORMATO |
| Nota de contenido con formato |
Adolfo Castanon -- Juan Armando Epple -- Eusebio Ruvalcaba -- Otto-Raúl González -- Julio Torri -- Marco Denevi -- José de la Colina -- Salvador Elizondo -- Augusto Monterroso -- Pablo Urbanyi -- Marcelo Báez -- José de la Colina -- Lazlo Moussong -- Rafael Bulle Goyri -- Jairo Aníbal Nino -- Mónica Lavín -- Edmundo Valades. |
| 650 #4 - PUNTO DE ACCESO ADICIONAL DE MATERIA--TÉRMINO DE MATERIA |
| Término de materia o nombre geográfico como elemento de entrada |
Cuentos mexicanos |
| 9 (RLIN) |
11371 |
| 650 #4 - PUNTO DE ACCESO ADICIONAL DE MATERIA--TÉRMINO DE MATERIA |
| Término de materia o nombre geográfico como elemento de entrada |
Literatura mexicana |
| Subdivisión cronológica |
SIGLO XX |
| 9 (RLIN) |
9216 |
| 700 1# - PUNTO DE ACCESO ADICIONAL--NOMBRE DE PERSONA |
| Nombre de persona |
Zavala, Lauro, |
| Término indicativo de función/relación |
prol. |
| 9 (RLIN) |
11929 |
| 910 ## - DATOS DE OPCIÓN DEL USUARIO (OCLC) |
| Datos de opción del usuario |
Catalogación por copia / LC |